000 00390nam a2200157Ia 4500
003 LK-CoDNM
008 010623t xxu||||| |||| 00| 1 eng d
040 _aLK-CoDNM
_dLK-CoDNM
_eLK-CoDNM
041 _aeng
080 _a9 G 3
100 _aComencini,M.
245 _aCoins of the Modern World.1870-1936
260 _bMethuen Co.Ltd
_aLondon
300 _bxii,185p,Pl., 19 cm
942 _cBK
999 _c134043
_d134043